000 00565nam a2200181Ia 4500
008 100920s9999 xx 000 0 und d
082 _b48351
_a24 थ 84
100 _aशिरवाडकर वसंत.
245 _aअवकाशाचा शोध.
260 _bपृथ्वी प्रकाशन ,पुणे.
_c1984
300 _a72
_bसाधी
365 _b13
520 _aसायो.
630 _aअवकाशाचा शोध.
650 _aसायो.
730 _aअवकाशाचा शोध.
942 _cBOOK
999 _c695338
_d695335